00598 a2200169 4500020001500000020002200015082001600037100001800053245007500071250001200146260004000158300002800198650003400226650005900260999001300319952009600332 a1593850751 a1572306904 (pbk.) a519.535 KLI aKline, Rex B. aPrinciples and practice of structural equation modelingcRex B. Kline. a2nd ed. aNew York :bGuilford Press,cc2005. axviii, 366 p. ;c23 cm. aStructural equation modeling. aSocial sciencesxStatistical methodsxData processing. c554d554 00104070aNITbNITcCEd0000-00-00l0o519.535 KLIpNIT-3626 r2017-01-05w2017-01-05yBK